Loading...
| Fine Arts - Classical Music and Opera | 3 | 4 | 0 | 1 | 85 | 62 | 95.29 | 1 | 2 | 0.00 | 0.00 |
| Fine Arts - Painting and Sculpture | 0 | 8 | 0 | 0 | 80 | 82 | 124.50 | 0 | 4 | 0.00 | 0.00 |
| Philosophy | 1 | 6 | 0 | 0 | 75 | 68 | 112.71 | 3 | 4 | 0.00 | 0.00 |
| History - American | 1 | 5 | 1 | 2 | 60 | 82 | 120.17 | 0 | 2 | 0.00 | 0.00 |
| Social Science | 0 | 6 | 1 | 0 | 55 | 73 | 99.67 | 1 | 5 | 0.00 | 0.00 |
| Literature - British | 3 | 1 | 0 | 0 | 55 | 25 | 68.75 | 2 | 4 | 0.00 | 0.00 |
| Literature - European | 2 | 3 | 1 | 1 | 55 | 61 | 101.20 | 1 | 4 | 0.00 | 0.00 |
| Literature - World | 3 | 1 | 0 | 1 | 55 | 40 | 85.00 | 2 | 3 | 0.00 | 0.00 |
| Literature - American | 0 | 5 | 0 | 1 | 50 | 98 | 127.40 | 0 | 1 | 0.00 | 0.00 |
| History - European | 1 | 4 | 1 | 1 | 50 | 37 | 93.80 | 1 | 3 | 0.00 | 0.00 |
| Religion | 2 | 2 | 0 | 0 | 50 | 67 | 98.50 | 1 | 3 | 0.00 | 0.00 |
| Modern World | 2 | 1 | 0 | 0 | 40 | 64 | 74.33 | 1 | 3 | 0.00 | 0.00 |
| History - Other | 1 | 1 | 0 | 0 | 25 | 16 | 69.00 | 1 | 2 | 0.00 | 0.00 |
| Fine Arts - Other Arts | 1 | 1 | 0 | 0 | 25 | 52 | 98.00 | 1 | 1 | 0.00 | 0.00 |
| Mythology | 0 | 2 | 1 | 0 | 15 | 86 | 103.50 | 0 | 2 | 0.00 | 0.00 |
| Other Culture | 1 | 0 | 0 | 0 | 15 | 59 | 59.00 | 0 | 1 | 0.00 | 0.00 |
| Other Academic | 1 | 0 | 0 | 0 | 15 | 66 | 66.00 | 0 | 1 | 0.00 | 0.00 |
| History - World | 0 | 1 | 0 | 0 | 10 | 92 | 92.00 | 0 | 1 | 0.00 | 0.00 |
| Other Science (Astronomy) | 0 | 1 | 0 | 0 | 10 | 114 | 114.00 | 0 | 0 | 0.00 | 0.00 |
| Other Science (Computer Science) | 0 | 1 | 0 | 1 | 10 | 130 | 130.00 | 0 | 0 | 0.00 | 0.00 |
| Other Science (Earth Science) | 0 | 1 | 0 | 0 | 10 | 113 | 113.00 | 0 | 0 | 0.00 | 0.00 |
| Other Science (Engineering) | 0 | 1 | 0 | 0 | 10 | 90 | 90.00 | 0 | 1 | 0.00 | 0.00 |
| Geography | 0 | 1 | 0 | 0 | 10 | 128 | 128.00 | 0 | 0 | 0.00 | 0.00 |
| Other Science (Math) | 0 | 1 | 1 | 0 | 5 | 149 | 149.00 | 1 | 1 | 0.00 | 0.00 |
| Science - Chemistry | 0 | 0 | 1 | 0 | -5 | 0.00 | 0 | 0 | 0.00 | 0.00 |